000 00490nam a22001817a 4500
005 20240110130724.0
008 200517b xxu||||| |||| 00| 0 eng d
020 _a9789586478597
041 _aeng
082 _a610
100 _aSHARMA, VARUN DUTT PANDAY, S.K
_98385
245 _aA TEXT BOOK OF HOSPITAL AND CLINICAL PHARMACY"
250 _a1'st
260 _aNew Delhi
_bCBS publishers and distributors
_c2018
300 _a318, viii
650 _aPharmacy
_xB.PHARMA
942 _cBK
999 _c6192
_d6190